| 000 | 01091nam a2200169 4500 | ||
|---|---|---|---|
| 999 |
_c38504 _d38504 |
||
| 082 | _aRP.0373 | ||
| 100 |
_aपोखरिया , देवसिंह _uकुमाऊँ विश्वविद्यालय _vअल्मोड़ा - उत्तराखंड |
||
| 245 |
_aउत्तराखंड की थारु जनजाति के लोक साहित्य का भाषिक एवं सामाजिक अध्ययन _c/ देवसिंह पोखरिया |
||
| 246 | _auttaraakhand kee thaaru janajaati ke lok saahity ka bhaashik evan saamaajik adhyayan | ||
| 260 |
_aअल्मोड़ा - C : _bकुमाऊँ विश्वविद्यालय , _c2017 |
||
| 300 | _a303p. | ||
| 536 | _aIndian Council of Social Science Research (ICSSR) | ||
| 546 | _aHindi | ||
| 650 |
_aलोक साहित्य _vसमाज शास्त्र _xभाषिक अध्ययन _zउत्तराखंड |
||
| 650 |
_aFolk literature _vLinguistic and social study _xLiterature _zUttrakhand |
||
| 942 |
_2ddc _cRP |
||